000 00492nam a22001817a 4500
003 MPLRDC
005 20220104145947.0
008 210129b ||||| |||| 00| 0 eng d
020 _a7-5017-1692-7
082 _a496.5 KTL c.2
100 _a菲力浦. 柯特勒等著
245 _a超一流的行销战略战术
_c蒋涛、莫凡编译
250 _a初版
260 _a
_b中国经济出版社
_c1992
300 _b
650 _a推销策略; 贩卖术
942 _cBK
_o496.5 KTL c.2
999 _c51611
_d51601